Vida de Pitágoras

Đã lưu trong:
Chi tiết về thư mục
Tác giả chính: Porfirio (Tác giả)
Định dạng: Sách
Ngôn ngữ:Tiếng Tây Ban Nha
Được phát hành: Madrid Gredos 1987
Loạt:Biblioteca Clásica Gredos, 104
Những chủ đề:
Các nhãn: Thêm thẻ
Không có thẻ, Là người đầu tiên thẻ bản ghi này!

MARC

LEADER 00000nam a2200000 a 4500
001 UCJ0446
003 CL-VaPUC
008 060804e19870000SP |||||||||||||||||spa|d
020 |a 8424912349 
082 0 4 |a 885  |b POR  |2 21 
100 0 |a Porfirio  |e author  |9 348149 
245 1 0 |a Vida de Pitágoras 
246 1 0 |a Argonáuticas órficas 
246 1 0 |a Himnos órficos 
300 |a 247 p 
942 |c BK 
945 |d 20060804 00:00:00  |a cmena 
260 |a Madrid  |b Gredos  |c 1987 
650 0 |a Discursos griegos   |9 318236 
650 7 |a LITERATURA GRIEGA  |2 CL-VaPUC  |9 258054 
583 |a last modification  |c 20060804 00:00:00  |k Rodrigo Vera 
490 0 |a Biblioteca Clásica Gredos, 104 
999 |c 317280  |d 317278 
952 |0 0  |1 0  |4 0  |6 885_000000000000000_POR_1987  |7 0  |8 X  |9 393355  |a BIBHIS  |b BIBHIS  |d 2019-11-22  |i 2878895  |o 885 POR 1987  |p 2878895  |r 2024-01-30  |w 2019-11-22  |y BK_X  |k HIS